000 01022nam a22003017a 4500
001 8016
003 FISKH
005 20250819085209.0
008 250819b cb ||||| |||| 00| 0 eng d
020 _a0590376578
040 _aFISKH
_beng
_cFISKH
_dFISKH
050 _aPS3563.A777 I56
082 _a811.54
100 _aMarzollo, Jean
_d(1942–2018)
245 _aI love you :
_bA rebus poem /
_cBy Jean Marzollo ; Illustrations by Suse Mac Donald
250 _aThis edition first published in 2000
260 _aNew York :
_bScholastic,
_c2000
300 _a32 unnumbered pages :
_bcolor illustrations ;
_c20 x 23 cm
505 _aC
520 _aA poem with a rebus format, in which the speaker professes love equal to that of a bird for a tree, a flower for a bee, and a lock for a key.
521 8 _a100
_bLexile
521 8 _aC
_bRaz-Plus
650 _2Valentine's Day
_aRebuses
650 _2Rhyming
_aPoetry
700 _aDonald, Mac Suse
_dillustrator
942 _2ddc
_cBK
_n0
999 _c8016
_d8016